Central Library OPAC University of Rajshahi

নজরুল গীতি প্রসঙ্গ / (Record no. 65230)

MARC details
000 -LEADER
fixed length control field 00900nam a2200217 a 4500
001 - CONTROL NUMBER
control field 65230
003 - CONTROL NUMBER IDENTIFIER
rucl marc code BD-RjUL
005 - DATE AND TIME OF LATEST TRANSACTION
control field 20211209081411.0
008 - FIXED-LENGTH DATA ELEMENTS--GENERAL INFORMATION
fixed length control field 170301s1978 bg ||||| |||| 00| 0 eng d
035 ## - SYSTEM CONTROL NUMBER
System control number (BD-RjUL)65360
040 ## - CATALOGING SOURCE
Original cataloging agency BD-RjUL
Language of cataloging ben
Transcribing agency BD-RjUL
041 ## - LANGUAGE CODE
Language code of text/sound track or separate title ben
082 ## - DEWEY DECIMAL CLASSIFICATION NUMBER
Edition number 23
Classification number 891.4415
Author mark and year GON 1978
100 1# - MAIN ENTRY--PERSONAL NAME
Personal name গোস্বামী, করুনাময়
9 (RLIN) 177242
245 01 - TITLE STATEMENT
Title নজরুল গীতি প্রসঙ্গ /
Statement of responsibility, etc. করুনাময় গোস্বামী
260 ## - PUBLICATION, DISTRIBUTION, ETC. (IMPRINT)
Place of publication, distribution, etc. ঢাকা
Name of publisher, distributor, etc. বাংলা একাডেমি
Date of publication, distribution, etc. ১৯৭৮
300 ## - PHYSICAL DESCRIPTION
Pagination ৩৩৪ পৃ
Size ২০ সেমি
600 ## - SUBJECT ADDED ENTRY--PERSONAL NAME
Personal name নজরুল ইসলাম, কাজী,
Dates associated with a name ১৮৯৯-১৯৭৬
General subdivision সমালোচনা ও ব্যাখ্যা.
Personal name Nazrul Islam, Kazi,
Dates associated with a name 1899-1976
General subdivision Criticism and interpretation.
942 ## - ADDED ENTRY ELEMENTS (KOHA)
Source of classification or shelving scheme Dewey Decimal Classification
Koha item type Books
Holdings
Lost status Source of classification or shelving scheme Damaged status Not for loan Collection code Permanent Location Current Location Shelving location Date acquired Source of acquisition Cost, normal purchase price Total Checkouts Full call number Date last seen Copy number Koha item type
  Dewey Decimal Classification   Not For Loan Non-fiction Central Library, University of Rajshahi Central Library, University of Rajshahi Reading Room 14/03/1983 Bangla Academy,Dhaka 25.00   B 891.4415 GON 1978 01/03/2017 C-1 Books